=LDR 00000nam 2200000 4500 =001 INLIS000000000810110 =005 20251018111113 =035 ##$$a 0010-1025000093 =007 ta =008 251018###########################0###### =020 ##$$a 9786026845108 =082 ##$$a 297.263 =084 ##$$a 297.263 MAZ k =245 ##$$a Kemegahan dan Keindahan Surga serta Para Penghuninya /$c Dr. Ahmad bin ‘Utsman al-Mazyad =260 ##$$a Jakarta : :$b Darul Haq, =300 ##$; $c : xii, 280 hlm. ; 21 cm